00647nam a22002177a 4500003000500000005001700005008004100022010001000063011001000073020001500083035001100098040000900109082001600118100003100134245012000165260004600285300002000331490002300351700003200374830002300406CHAP20220329143350.0081226s1999 co a r 00010 spa d a95569 a96541 a9701504704 a107195 cCHAP04a658.57bC731 aCompanys Pascual, Ramón.10aPlanificación y rentabilidad de proyectos industrialesc/por Ramón Companys Pascual y Albert Corominas Subías aSantafé de Bogotá :bAlfaomega,c1999 a150 p. :bilus. 0aProdúcticav; 171 aCorominas Subías, Albert. 0aProdúcticav; 17